01898nam a2200325 a 4500001001200000003000800012006001900020007001500039008004100054010001700095020003000112020002700142020002700169040002100196035002100217050002600238082001600264245008200280260004900362300001400411504005100425505070200476533015201178650002301330655002901353700003001382710001701412856012601429999001701555ebr10675065CaPaEBRm u cr cn|||||||||090225s2009 nyu sb 001 0 eng d z 2009008039 z9781606926147 (hardcover) z1606926144 (hardcover) z9781617281921 (e-book) aCaPaEBRcCaPaEBR a(OCoLC)65956079914aQA251.3b.C675 2009eb04a512/.4422200aCommutative ringsh[electronic resource] :bnew research /cJohn Lee, editor. aNew York :bNova Science Publishers,cc2009. ax, 131 p. aIncludes bibliographical references and index.0 aJonsson modules over commutative rings / Greg Oman -- Counting zero - divisors / Shane P. Redmond -- Recent progress on minimal ring extensions and related concepts / David E. Dobbs -- Commutative algebra applied to stabilization problems for systems over rings / A. Saez-Schwedt -- Asymptotic behavior of associated or attached prime ideals of certain Ext-modules and Tor-modules / K. Khasyarmanesh, F. Khosh-Ahang -- Linear algebra over commutative rings applied to control theory / Miguel V. Carriegos -- A characterization of commutative clean rings / Warren Wm. McGovern -- Jordan automorphisms of certain Jordan matrix algebra over commutative rings / Ruiping Yao, Dengyin Wang, Yanxia Zhao. aElectronic reproduction.bPalo Alto, Calif. :cebrary,d2013.nAvailable via World Wide Web.nAccess may be limited to ebrary affiliated libraries. 0aCommutative rings. 7aElectronic books.2local1 aLee, John,d1958 June 21-2 aebrary, Inc.40uhttp://site.ebrary.com/lib/rucke/Doc?id=10675065zAn electronic book accessible through the World Wide Web; click to view c57394d57394